Exportná výkonnosť Slovenskej republiky a možnosti jej rastu bakalárska práca

Gespeichert in:
Bibliographische Detailangaben
1. Verfasser: Pokorný, Richard
Körperschaft: Obchodná fakulta EU. Katedra medzinárodného obchodu
Weitere Verfasser: Hrinko, Ján, 1992-
Format: Buch
Sprache:Slowakisch
Veröffentlicht: Bratislava 2023
Tags: Tag hinzufügen
Keine Tags, Fügen Sie das erste Tag hinzu!

MARC

LEADER 00000nbm a2200000 4500
001 0294878
005 20240206150655.0
041 0 |a slo 
044 |a SK 
245 1 0 |a Exportná výkonnosť Slovenskej republiky a možnosti jej rastu  |b bakalárska práca  |c Richard Pokorný ; školiteľ: Ján Hrinko 
264 1 |a Bratislava  |c 2023 
300 |a 57 s. 
100 1 |a Pokorný, Richard 
700 1 |a Hrinko, Ján, 1992- 
710 2 |a Obchodná fakulta EU. Katedra medzinárodného obchodu